Дело о народном празднике, (имеющим быть) бывшем в Москве, по случаю священного коронования государя императора Александра II

Доступно только в Электронных читальных залах Найти на картеНа карте
RUSMARC
00003542nmc2a22002413x 450
0012df3940f-7bd1-4aa2-ad8b-4cf3d1959ad4
00520241225092056.0
100##$a20240826l18561857k l0rusy0189 ca
1010#$arus
102##$aRU
105##$ay###
1222#$ad
2001#$aДело о народном празднике, (имеющим быть) бывшем в Москве, по случаю священного коронования государя императора Александра II
$j1 апреля 1856 г. - 22 марта 1857 г.
215##$a104 л.
$d36,5х26 см
251##$cДело
300##$aДело
371##$aДокумент не является опубликованным и широко распространяемым
461#0$100108cd6ec2-be9a-457f-a0b6-fa449e506316
$12001
$aКанцелярия Министерства Императорского двора
$1251
$cФонд
$1852
$j472
462#0$10015265e818-b7f3-4da1-9e39-1aec072863ce
$12001
$aКанцелярия Министерства Императорского двора
$1251
$cОпись
$1852
$j9
801#0$aRU
$bРГИА
$c20240826
$gRCR
801#1$aRU
$bГлавНИВЦ
$c20240826
$2rusmarc
801#2$aRU
$bПБ им. Б.Н. Ельцина
$c20241225
$gRCR
$2rusmarc
850##$aРГИА
852##$aРГИА
$eФедеральное казенное учреждение "Российский государственный исторический архив" (РГИА)
$j82
937##$hРГИА
$d12418572
$aASBIBLIO_SCAN
035##$aRusGRCC00081263
856##$uhttp://readingroom.main.prlib.ru/item.aspx?id_node=n195656682&mode=full
Формат отображения